Le controversie tra Sabiniani e Proculiani
Saved in:
| Main Author: | |
|---|---|
| Format: | Book |
| Language: | Italian |
| Published: |
Milán
Dott. A. Giuffre
1981
|
| Subjects: | |
| Tags: |
Add Tag
No Tags, Be the first to tag this record!
|
MARC
| LEADER | 00000nam a2200000 a 4500 | ||
|---|---|---|---|
| 001 | UCX8971 | ||
| 003 | CL-VaPUC | ||
| 008 | 940509e19810000IT |||||||||||||||||ita|d | ||
| 082 | 0 | 4 | |a 340.11 |b FAL |2 21 |
| 100 | 0 | |a Falchi, Gian Luigi |e author |9 326231 | |
| 245 | 1 | 3 | |a Le controversie tra Sabiniani e Proculiani |
| 300 | |a 281 p | ||
| 942 | |c BK | ||
| 945 | |d 19940509 00:00:00 |a aalvarez | ||
| 260 | |a Milán |b Dott. A. Giuffre |c 1981 | ||
| 650 | 0 | |a Debates |9 326232 | |
| 650 | 0 | |a Filosofía del derecho |9 255050 | |
| 650 | 0 | |a Teoría del derecho |9 255982 | |
| 650 | 0 | |a Escuelas filosóficas |9 266232 | |
| 650 | 7 | |a INTERPRETACION DEL DERECHO |2 CL-VaPUC |9 326233 | |
| 650 | 0 | |a Derecho romano |9 255930 | |
| 583 | |a last modification |c 19940509 00:00:00 |k Rodrigo Vera | ||
| 999 | |c 228334 |d 228332 | ||
| 952 | |0 0 |1 0 |4 0 |6 340_110000000000000_FAL_1981 |7 0 |8 DER_ROM |9 228288 |a BIBDER |b BIBDER |d 2019-11-15 |i 297343K |o 340.11 FAL 1981 |p 297343K |r 2023-01-25 |w 2019-11-15 |x Ubicación 4to piso |y BK |z Este recurso debe solicitarse con anticipación |k DER | ||